Buku panduan permohonan pembahagian harta pusaka kecil
| Format: | Book |
|---|---|
| Subjects: |
MARC
| LEADER | 00000cam a2200000 7i4500 | ||
|---|---|---|---|
| 001 | 0000013833 | ||
| 005 | 20050628.0 | ||
| 040 | |a INS | ||
| 090 | 0 | 0 | |a BP42. |b B869 |
| 245 | 1 | 0 | |a Buku panduan permohonan pembahagian harta pusaka kecil |
| 300 | |a iiip : |b 27p ; |c 21cm. | ||
| 650 | 0 | 0 | |a Inheritance and succession (Islamic law) |
| 999 | |a 0000009195 |b BOOK |c Open Shelf |e Default branch | ||
| 999 | |a 0000009196 |b BOOK |c Open Shelf |e Default branch | ||